|
|
|
|
| LEADER |
00000nam a2200000 a 4500 |
| 005 |
20120329130723.0 |
| 007 |
cr|||| |||| |
| 008 |
090311s2008 sp 000 0 spa c |
| 020 |
|
|
|a 9788496721500
|
| 035 |
|
|
|a 5829
|
| 040 |
|
|
|d vLex
|
| 080 |
|
|
|a 331.823.1
|
| 090 |
|
|
|c 3096
|d 3096
|
| 100 |
1 |
|
|a Lp̤ez Ganda̕, Juan
|
| 245 |
1 |
3 |
|a La Prevencin̤ de riesgos laborales en el sector de la construccin̤ :
|h [Recurso electrn̤ico] /
|b legislacin̤, criterios tčnicos y jurisprudencia
|c Juan Lp̤ez Ganda̕, M® Jos ̌Romero Rodenas, Daniel Toscani Gimňez
|
| 256 |
|
|
|a Servicio en ln̕ea
|
| 260 |
|
|
|a Albacete :
|b Bomarzo,
|c 2008
|
| 300 |
|
|
|a 1 recurso electrn̤ico
|
| 506 |
1 |
|
|a Contenido solo disponible en los productos indicados
|d vLex Global
|d vLex Global (Academic Edition, excluding Law Schools)
|d vLex Global (U.S. Academic Edition, Law Schools)
|d vLex Global (U.S. Academic Edition, excluding Law Schools)
|d vLex Global (Academic Edition, Law Schools)
|
| 650 |
0 |
4 |
|a Industria de la construccin̤
|x Medidas de seguridad
|z Espaą
|
| 650 |
0 |
4 |
|a Construccin̤
|x Medidas de seguridad
|z Espaą
|
| 650 |
0 |
4 |
|a Seguridad en el trabajo
|z Espaą
|
| 650 |
0 |
4 |
|a Higiene industrial
|z Espaą
|
| 740 |
0 |
|
|a vLex Libros (Servicio en ln̕ea)
|
| 856 |
4 |
0 |
|u http://vlex.com/source/prevencion-riesgos-laborales-sector-construccion-legislacion-criterios-tecnicos-jurisprudencia-5829
|z Acceso restringido
|
| 942 |
|
|
|c BOOK
|
| 999 |
0 |
|
|a Industrial safety
|
| 999 |
0 |
|
|a Building
|
| 999 |
0 |
|
|a Industrial hygiene
|